Statistics for Top 21 World's Most Expensive Film Productions

Click here to take the quiz!

General Stats

  • This quiz has been taken 63 times
  • The average score is 4 of 21

Answer Stats

HintAnswer% Correct
12Avatar
97%
19The Avengers
78%
3Avengers: Age of Ultron
23%
13The Dark Knight Rises
22%
7Batman v Superman: Dawn of Justice
17%
14Pirates of the Caribbean: Dead Man's Chest
13%
7Captain America: Civil War
12%
4John Carter
12%
14Man of Steel
12%
2Pirates of the Caribbean: At World's End
12%
6Spider-Man 3
12%
1Pirates of the Caribbean: On Stranger Tides
10%
5Tangled
10%
11Spectre
8%
7The Hobbit: The Battle of the Five Armies
7%
7Harry Potter and the Half-Blood Prince
5%
14The Hobbit: The Desolation of Smaug
5%
14The Lone Ranger
5%
20Oz the Great and Powerful
3%
14The Chronicles of Narnia: Prince Caspian
3%
20Men in Black 3
2%

Score Distribution

Percentile by Number Answered

Percent of People with Each Score

Your Score History

You have not taken this quiz